000 01941nam0a2200349 4500
001 RU\NLR\bibl\1872574
005 20260408082915.0
010 _a978-5-91990-049-8
_9100
021 _aRU
_b2012-7576
_9559
035 _a(NLR Aleph) 001862399
090 _a2549405
_c2549405
100 _a20120221d2011 |||y0rusy50 ca
101 0 _arus
_apol
_aeng
_deng
102 _aRU
105 _ay |||||||||
200 1 _aИстория и культура славянских народов: достижения, уроки, перспективы
_eматериалы Международной научно-практической конференции, 25-26 ноября 2011 года
_f[редкол.: Волков Сергей Николаевич, д.филос.н., проф. и др.]
210 _aПенза [и др.]
_cСоциосфера
_d2011
215 _a307 с.
_d21
300 _aВ надзаг.: Науч.-изд. центр "Социосфера", Фак. бизнеса Высш. шк. экономики в Праге, Пенз. гос. технол. акад., Фак. упр. Белосток. техн. ун-та
300 _aЧасть текста на пол. и англ. яз.
300 _aРез. на англ. яз.
320 _aБиблиогр. в конце докл.
606 1 _aСлавяноведение
_jСъезды, совещания и т.п.
_91660557
_3RU\NLR\auth\661034368
686 _aТ3(49=Сл)я431
702 1 _4340
_7ca
_8rus
_aВолков
_bС. Н.
_cд-р филос. наук, поэт
_gСергей Николаевич
_913071
_3RU\NLR\auth\7730044
712 0 2 _4570
_a"Социосфера", научно-издательский центр
_cПенза
_9815611
_3RU\NLR\AUTH\8810160009
801 0 _aRU
_bNLR
_c20120221
_gRCR
801 1 _aRU
_bNLR
_c20120221
942 _cBOOK
980 _aNB
980 _aNBR